LEADER 04669nam 2200757Ia 450 001 9910959848503321 005 20260119012954.0 010 $a0-8147-4937-2 024 7 $a10.18574/nyu/9780814749371 035 $a(CKB)1000000000752836 035 $a(OCoLC)176632638 035 $a(CaPaEBR)ebrary10189758 035 $a(SSID)ssj0000130064 035 $a(PQKBManifestationID)11142520 035 $a(PQKBTitleCode)TC0000130064 035 $a(PQKBWorkID)10080265 035 $a(PQKB)11270908 035 $a(MiAaPQ)EBC3025599 035 $a(DE-B1597)548409 035 $a(DE-B1597)9780814749371 035 $a(MdBmJHUP)musev2_135181 035 $a(EXLCZ)991000000000752836 100 $a20070508d2007 uy 0 101 0 $aeng 135 $aur||||||||||| 181 $ctxt 182 $cc 183 $acr 200 14$aThe contrast $emanners, morals, and authority in the early American republic /$f[edited by] Cynthia A. Kierner 205 $a1st ed. 210 $aNew York $cNew York University Press$dc2007 215 $a1 online resource (158 p.) 300 $aA reprint of The contrast by Royall Tyler, with annotated footnotes and an extensive introduction; also features selections from contemporary letters, essays, novels, conduct books, and public documents, which debate issues of the era. 311 08$a0-8147-4792-2 320 $aIncludes bibliographical references (pages 139-142) and index. 327 $aIntroduction -- The contrast / Royall Tyler -- Primary documents: The former, present, and future prospects of America (1786); The dabblers (1788); Effects of the stage on the manners of a people (1792); Anti-theater petition (1793); The art of pleasing men and women (1747) ; Mercy Otis Warren on Chesterfield's letters (1779); For the females (1787); Fantastical, preposterous fashions [of] gentlemen (1787); On matrimonial obedience (1792); Proper conduct of the wife towards her husband (1804); Panegyric on the marriage state (1786); How to prolong the happiness of the marriage union (1787); Plan for the establishment of public schools (1786); The progress of a countryman (1787); The will of the people (1792); The natural aristocracy (1813). 330 $a"The Contrast", which premiered at New York City's John Street Theater in 1787, was the first American play performed in public by a professional theater company. The play, written by New England-born, Harvard-educated, Royall Tyler was timely, funny, and extremely popular. When the play appeared in print in 1790, George Washington himself appeared at the head of its list of hundreds of subscribers. Reprinted here with annotated footnotes by historian Cynthia A. Kierner, Tyler's play explores the debate over manners, morals, and cultural authority in the decades following American Revolution. Did the American colonists' rejection of monarchy in 1776 mean they should abolish all European social traditions and hierarchies? What sorts of etiquette, amusements, and fashions were appropriate and beneficial? Most important, to be a nation, did Americans need to distinguish themselves from Europeans-and, if so, how? Tyler was not the only American pondering these questions, and Kierner situates the play in its broader historical and cultural contexts. An extensive introduction provides readers with a background on life and politics in the United States in 1787, when Americans were in the midst of nation-building. The book also features a section with selections from contemporary letters, essays, novels, conduct books, and public documents, which debate issues of the era 606 $aManners and customs$vDrama 606 $aConduct of life$vDrama 606 $aBetrothal$vDrama 606 $aArranged marriage$vDrama 606 $aMate selection$vDrama 606 $aPolitics and literature$zUnited States$xHistory$y18th century$vSources 607 $aNew York (N.Y.)$xSocial life and customs$y18th century$vDrama 607 $aUnited States$xIntellectual life$y1783-1865$vSources 608 $aComedies. 608 $aSources 608 $aHistory 608 $aDrama 608 $aElectronic books. 615 0$aManners and customs 615 0$aConduct of life 615 0$aBetrothal 615 0$aArranged marriage 615 0$aMate selection 615 0$aPolitics and literature$xHistory 676 $a812/.1 700 $aTyler$b Royall$f1757-1826.$0753834 701 $aKierner$b Cynthia A.$f1958-$01895064 801 0$bMiAaPQ 801 1$bMiAaPQ 801 2$bMiAaPQ 906 $aBOOK 912 $a9910959848503321 996 $aThe contrast$94547354 997 $aUNINA